Landen die starten met een A - Statistieken

Algemene statistieken
  • Deze quiz is 183 keer genomen
  • De gemiddelde score is 8 van 10
Antwoordstatistieken
Land % Correct
Albanië
87%
Armenië
85%
Azerbeidzjan
85%
Andorra
82%
Algerije
79%
Angola
78%
Afghanistan
74%
Australië
74%
Argentinië
71%
Antigua en Barbuda
64%
Geen overeenkomende quizzen gevonden
Scoreverdeling
Procent van Mensen met Elke Score
Percentiel versus Aantal Correcte Antwoorden
Uw Scoregeschiedenis
U heeft deze quiz nog niet genomen